000 00371nam a22001337a 4500
003 OSt
005 20160520103358.0
008 160520b xxu||||| |||| 00| 0 eng d
040 _aseku
050 _aQA300
_b.A9 1962
100 _aApostol M. Tom
245 _aCalculus: calculus of several variables with applications to probability and vector analysis
942 _2lcc
_cGEN
999 _c14282
_d14282